JO 2024 - Team USA : Basket - Statistiques

Statistiques générales
  • Ce quiz a été pris 2 412 fois
  • Le résultat moyen est 10 sur 12
Statistiques - réponses
Poste Club Joueur % Correct
Meneur Golden State Warriors Stephen Curry
100%
Arrière-Ailier Los Angeles Lakers LeBron James
99%
Arrière-Ailier Boston Celtics Jayson Tatum
93%
Arrière-Ailier Phoenix Suns Kevin Durant
92%
Intérieur Philadelphie 76ers Joel Embiid
88%
Intérieur Los Angeles Lakers Anthony Davis
87%
Arrière-Ailier Minnesota Timberwolves Anthony Edwards
86%
Arrière-Ailier Phoenix Suns Devin Booker
85%
Meneur Indiana Pacers Tyrese Haliburton
80%
Intérieur Miami Heat Bam Adebayo
79%
Arrière-Ailier Boston Celtics Derrick White
70%
Meneur Boston Celtics Jrue Holiday
66%
Aucun quiz correspondant
Distribution des résultats
% des personnes avec chaque résultat
Percentile par nombre de réponses
Votre historique - résultats
Vous n’avez pas pris ce quiz